La juventud (Record no. 59401)

MARC details
000 -LEADER
campo de control de longitud fija 00531nam a2200181 i 4500
001 - NÚMERO DE CONTROL
campo de control 59401
003 - IDENTIFICADOR DE NÚMERO DE CONTROL
campo de control ES-MaACL
005 - FECHA Y HORA DE LA ÚLTIMA TRANSACCIÓN
campo de control 20230906164026.0
007 - CAMPO FIJO DE DESCRIPCIÓN FÍSICA--INFORMACIÓN GENERAL
campo de control de longitud fija t|
008 - DATOS DE LONGITUD FIJA--INFORMACIÓN GENERAL
campo de control de longitud fija 031029s1969 sp ||||1| spa d
100 1# - ENTRADA PRINCIPAL--NOMBRE DE PERSONA
Nombre de persona Ell, Ernst.
9 (RLIN) 47017
245 13 - MENCIÓN DEL TÍTULO
Título La juventud
Resto del título : camino del matrimonio /
Mención de responsabilidad, etc. Ernst Ell, Heinrich Klomps ; traducción por Diorki.
260 ## - PUBLICACIÓN, DISTRIBUCIÓN, ETC.
Lugar de publicación, distribución, etc. Madrid :
Nombre del editor, distribuidor, etc. Studium,
Fecha de publicación, distribución, etc. [1969]
300 ## - DESCRIPCIÓN FÍSICA
Extensión 136 p. ;
Dimensiones 18 cm.
700 1# - ENTRADA AGREGADA--NOMBRE PERSONAL
Nombre de persona Klomps, Heinrich.
9 (RLIN) 68288
710 2# - ENTRADA AGREGADA--NOMBRE DE ENTIDAD CORPORATIVA
Nombre de entidad corporativa o nombre de jurisdicción como elemento de entrada Diorki.
9 (RLIN) 3392
852 ## - LOCALIZACIÓN
Ubicación ES-MaACL
Número de control de estantería C-50831
Sublocalización o colección R.72117
Holdings
Estatus retirado Estado de pérdida Estado de daño No para préstamo Biblioteca de origen Biblioteca actual Ubicación en estantería Fecha de adquisición Fuente de adquisición Total de préstamos Signatura topográfica completa Código de barras Visto por última vez Precio de reemplazo Tipo de ítem Koha
        Biblioteca del Ateneo de Madrid Biblioteca del Ateneo de Madrid Depósito 2 17/01/2008     C-50831 1062305 23/02/2023 23/02/2023 Libro impreso